The power of personality in war (Record no. 185380)

000 -LEADER
fixed length control field 01051 a2200193 4500
003 - CONTROL NUMBER IDENTIFIER
control field Nust
005 - DATE AND TIME OF LATEST TRANSACTION
control field 20170207153411.0
040 ## - CATALOGING SOURCE
Transcribing agency Nust
082 ## - DEWEY DECIMAL CLASSIFICATION NUMBER
Classification number 355.02
100 ## - MAIN ENTRY--PERSONAL NAME
Personal name Baron Von Freytage-Loringhoven
245 ## - TITLE STATEMENT
Title The power of personality in war
Statement of responsibility, etc. Major General Baron Von Freytage-Loringhoven
250 ## - EDITION STATEMENT
Edition statement 1st ed
260 ## - PUBLICATION, DISTRIBUTION, ETC.
Place of publication, distribution, etc. The military Sevice Publishing Company
Name of publisher, distributor, etc. Harrisburg
Date of publication, distribution, etc. 1955
300 ## - PHYSICAL DESCRIPTION
Extent xi, 167 p
Other physical details illus
Dimensions 24 cm
505 ## - FORMATTED CONTENTS NOTE
Formatted contents note War is the Domain of Danger (Page-1) War is the Domain of Physical Exertion and Suffering (page-40) War is the Domain of Friction (Page-57) War is The Domain of Uncertainty (Page-70) The Commander Must Have Imagination (Page-108) Ambition is One of the Essential Qualities Of a Leader (page-117) Only a Strong Mind Can Resist the Impressions of War (Page-129) Without Strength of Character , no One Can Be a Leader In War (Page-144) The Essence of Military Leadership (Page-160)
538 ## - SYSTEM DETAILS NOTE
System details note Almirah No.52, Shelf No.6
600 ## - SUBJECT ADDED ENTRY--PERSONAL NAME
Personal name Baron Von Freytage-Loringhoven
650 ## - SUBJECT ADDED ENTRY--TOPICAL TERM
Topical term or geographic name entry element The power of personality in war
942 ## - ADDED ENTRY ELEMENTS (KOHA)
Source of classification or shelving scheme
Koha item type Book
Holdings
Withdrawn status Lost status Source of classification or shelving scheme Damaged status Not for loan Permanent Location Current Location Shelving location Date acquired Full call number Barcode Date last seen Price effective from Koha item type Public note
          Military College of Signals (MCS) Military College of Signals (MCS) General Stacks 12/12/2016 355.02,FRE MCS29393 12/08/2016 12/12/2016 Book Almirah No.57, Shelf No.2
© 2023 Central Library, National University of Sciences and Technology. All Rights Reserved.